[Event "Championnat de France 2022"]
[Site "ALBI"]
[Date "2022.08.17"]
[Round "5.10"]
[White "Lucas, Arthur"]
[Black "Makkar, Rajat"]
[Result "1/2-1/2"]
[WhiteElo "2367"]
[BlackElo "2300"]
[PlyCount "65"]
[EventDate "2022.??.??"]

1. e4 {113} e5 {20} 2. Nf3 {5} Nc6 {5} 3. Bb5 {11} a6 {16} 4. Bxc6 {6} dxc6 {17
} 5. Nc3 {10} Bd6 {181} 6. d4 {12} exd4 {28} 7. Qxd4 {6} f6 {83} 8. Ne2 {33}
Ne7 {407} 9. Bf4 {7} Bg4 {534} 10. O-O-O {965} Bxf4+ {566} 11. Nxf4 {87} Qxd4 {
18} 12. Rxd4 {4} Ng6 {52} 13. Nxg6 {776} hxg6 {5} 14. Nd2 {6} Be6 {230} 15. h3
{88} c5 {266} 16. Rd3 {7} c4 {16} 17. Re3 {659} Kf7 {84} 18. Rd1 {180} g5 {102}
19. f3 {215} Rhd8 {214} 20. Nf1 {220} b5 {90} 21. Rxd8 {369} Rxd8 {63} 22. c3 {
272} a5 {230} 23. a3 {169} c5 {428} 24. Re1 {477} b4 {575} 25. Rd1 {428} Rb8
26. Kc2 {24} Ke8 {13} 27. Ne3 Bd7 {9} 28. Nf1 {11} Be6 29. Re1 {55} Ke7 {9} 30.
Kc1 Rd8 31. Rd1 Rb8 32. Kc2 {3} Bd7 33. Kc1 {6} 1/2-1/2

[Event "Championnat de France 2022"]
[Site "ALBI"]
[Date "2022.08.18"]
[Round "6.1"]
[White "Boyer, Mahel"]
[Black "Laurent-Paoli, Pierre"]
[Result "1/2-1/2"]
[WhiteElo "2432"]
[BlackElo "2298"]
[PlyCount "83"]
[EventDate "2022.??.??"]

1. c4 {389} Nf6 {82} 2. g3 {392} c5 {643} 3. Bg2 {83} Nc6 {250} 4. Nc3 {222} e6
{11} 5. e3 {523} d5 {442} 6. cxd5 {163} exd5 {4} 7. d4 {3} cxd4 {718} 8. exd4 {
22} Bb4 {4} 9. Nge2 {43} O-O {50} 10. O-O {21} h6 {20} 11. h3 {1064} Re8 {266}
12. Be3 {207} Be6 {908} 13. Rc1 {525} Bxc3 {229} 14. Nxc3 {96} Qd7 {23} 15. g4
{83} Rad8 {143} 16. Ne2 {454} h5 {382} 17. g5 {1} Ne4 {11} 18. Nf4 {32} g6 {97}
19. Re1 {899} Nxg5 {416} 20. Nxh5 {37} Nh7 {31} 21. Nf4 {45} Nf6 {76} 22. Qf3 {
133} Bf5 {79} 23. Ne2 {445} Ne4 {288} 24. Ng3 {127} Nxg3 {77} 25. Qxg3 {5} f6 {
35} 26. b4 {42} a6 {156} 27. a4 {15} Qf7 {3} 28. b5 {14} axb5 {31} 29. axb5 {1}
Na5 {20} 30. Rc7 {67} Rd7 {62} 31. Rxd7 {165} Qxd7 {4} 32. Bd2 {4} Rxe1+ {234}
33. Bxe1 {1} Nc4 {5} 34. Qb8+ {82} Kh7 {47} 35. Bb4 {3} Be4 {283} 36. Bf1 {23}
g5 {74} 37. Qf8 {37} Qe6 {51} 38. Qb8 {60} Qd7 {72} 39. Qf8 {29} Qe6 {23} 40.
Qb8 {30} Qd7 {208} 41. Qf8 {7} Qe6 42. Qd8 {51} 1/2-1/2

[Event "Championnat de France 2022"]
[Site "ALBI"]
[Date "2022.08.18"]
[Round "6.2"]
[White "Giroyan, Gary"]
[Black "Di Nicolantonio, Lucas"]
[Result "1-0"]
[WhiteElo "2412"]
[BlackElo "2387"]
[PlyCount "67"]
[EventDate "2022.??.??"]

1. e4 {1} c6 {145} 2. d4 {17} d5 {5} 3. e5 {3} c5 {106} 4. Nf3 {22} cxd4 {5} 5.
Nxd4 {5} Nc6 {118} 6. Nxc6 {54} bxc6 {5} 7. Bd3 {5} e6 {134} 8. O-O {200} a5 {
585} 9. c4 {589} Ba6 {1042} 10. cxd5 {485} Qxd5 {1391} 11. Bxa6 {167} Qxd1 {22}
12. Rxd1 {9} Rxa6 {4} 13. Bg5 {482} Be7 {983} 14. Be3 {119} Bf8 {269} 15. Nc3 {
1442} Ne7 {38} 16. Rd3 {462} Nd5 {291} 17. Nxd5 {357} exd5 {5} 18. Rb3 {2} Kd7
{17} 19. Rb7+ {463} Ke6 {5} 20. Rc1 {2} Be7 {108} 21. f4 {23} g6 {285} 22. g4 {
177} Re8 {360} 23. Rc7 {69} d4 {4} 24. Bxd4 {19} Bd8 {79} 25. Rb7 {602} h5 {4}
26. gxh5 {40} gxh5 {5} 27. Kg2 {2} Re7 {131} 28. Rxe7+ {18} Bxe7 {3} 29. Kf3 {4
} Kf5 {13} 30. Bf2 {91} a4 {123} 31. Rd1 {22} Ra5 {27} 32. Rd7 {32} Ke6 {5} 33.
Rc7 {44} c5 {56} 34. f5+ {6} 1-0

[Event "Championnat de France 2022"]
[Site "ALBI"]
[Date "2022.08.18"]
[Round "6.3"]
[White "Favarel, Julien"]
[Black "Flom, Gabriel"]
[Result "0-1"]
[WhiteElo "2298"]
[BlackElo "2406"]
[PlyCount "56"]
[EventDate "2022.??.??"]

1. e4 {3} d6 {22} 2. d4 {8} Nf6 {13} 3. Nc3 {10} e5 {23} 4. Nf3 {51} Nbd7 {29}
5. Rg1 {12} c6 {87} 6. h3 {487} b5 {529} 7. a3 {74} Be7 {1106} 8. g4 {272} O-O
{43} 9. g5 {238} Nh5 {4} 10. Be3 {462} g6 {178} 11. Be2 {476} Rb8 {188} 12. Qd2
{2057} a5 {76} 13. h4 {574} b4 {44} 14. axb4 {23} axb4 {86} 15. Nd1 {18} Qc7 {
526} 16. Nh2 {157} exd4 {34} 17. Qxd4 {34} c5 {19} 18. Qd2 {106} d5 {78} 19.
Ng4 {99} d4 {72} 20. Bxd4 {156} cxd4 {5} 21. Qxd4 {7} Ng7 {211} 22. Bc4 {332}
Bc5 {89} 23. Qd5 {107} Ne6 {58} 24. Nh6+ {105} Kh8 {83} 25. Nxf7+ {34} Rxf7 {4}
26. Qxe6 {3} Ne5 {41} 27. Qe8+ {55} Rf8 {6} 28. Ra7 {12} Bb7 {306} 0-1

[Event "Championnat de France 2022"]
[Site "ALBI"]
[Date "2022.08.18"]
[Round "6.4"]
[White "Lamard, Guillaume"]
[Black "Bournel, Antoine"]
[Result "0-1"]
[WhiteElo "2512"]
[BlackElo "2322"]
[PlyCount "84"]
[EventDate "2022.??.??"]

1. e4 {4} e5 {44} 2. Nf3 {13} Nc6 {41} 3. Bb5 {24} Nf6 {58} 4. d3 {639} Bc5 {89
} 5. Bxc6 {317} dxc6 {111} 6. Bg5 {6} h6 {527} 7. Bh4 {10} Qe7 {154} 8. Nbd2 {
285} Bd6 {170} 9. Nc4 {70} b5 {800} 10. Ne3 {400} g5 {566} 11. Bg3 {4} Ng4 {275
} 12. Qe2 {586} Nxe3 {431} 13. Qxe3 {67} c5 {52} 14. a4 {239} b4 {41} 15. h4 {
349} Rg8 {189} 16. hxg5 {58} hxg5 {46} 17. Rh7 {104} Bg4 {168} 18. Nxg5 {123}
Qxg5 {154} 19. Qxg5 {88} Rxg5 {152} 20. Rh8+ {5} Bf8 {21} 21. Kd2 {247} Kd7 {
260} 22. Rah1 {174} Re8 {149} 23. Ke3 {182} c4 {165} 24. dxc4 {148} Bc5+ {69}
25. Kd2 {3} Be6 {103} 26. Rxe8 {122} Kxe8 {2} 27. Rh8+ {6} Kd7 {4} 28. b3 {4}
f6 {160} 29. Rh7+ {36} Kc6 {53} 30. Rh6 {27} Be7 {86} 31. Kd3 {16} Kd7 {32} 32.
c3 {50} bxc3 {28} 33. Kxc3 {5} a5 {22} 34. Rh7 {76} Bg8 {44} 35. Rh8 {31} Ke6 {
35} 36. Kd3 {40} Rg7 {133} 37. Ke2 {65} Bh7 {50} 38. Kd3 {159} Bc5 {128} 39.
Re8+ {37} Kd7 {23} 40. Rh8 {81} Kc6 {79} 41. Ke2 {161} Bxe4 {200} 42. Rh6 {7}
Rg6 {36} 0-1

[Event "Championnat de France 2022"]
[Site "ALBI"]
[Date "2022.08.18"]
[Round "6.5"]
[White "Degraeve, Jean-Marc"]
[Black "Mathieu, Phileas"]
[Result "1-0"]
[WhiteElo "2508"]
[BlackElo "2320"]
[PlyCount "135"]
[EventDate "2022.??.??"]

1. e4 {175} e6 {4} 2. d4 {42} d5 {1} 3. e5 {31} c5 {4} 4. c3 {11} Nc6 {2} 5.
Nf3 {9} Nh6 {16} 6. Bxh6 {521} gxh6 {1} 7. Be2 {72} cxd4 {762} 8. cxd4 {33} Bg7
{34} 9. O-O {266} O-O {12} 10. Nbd2 {524} a5 {408} 11. a4 {141} b6 {160} 12.
Bb5 {371} Nb4 {486} 13. Nb1 {43} Bd7 {456} 14. Nc3 {43} Rc8 {19} 15. Ra3 {281}
Kh8 {391} 16. Rb3 {138} Rg8 {673} 17. g3 {263} Nc6 {495} 18. Re1 {103} h5 {291}
19. Kh1 {909} f6 {98} 20. exf6 {106} Bxf6 {18} 21. Bxc6 {80} Rxc6 {5} 22. Ne5 {
11} Bxe5 {23} 23. Rxe5 {2} h4 {23} 24. Ne2 {212} Rc4 {211} 25. Rbe3 {682} Rxa4
{284} 26. Nf4 {538} Qf8 {17} 27. Rh5 {138} hxg3 {487} 28. hxg3 {3} Rc4 {32} 29.
Rh4 {24} Qf6 {107} 30. Re5 {133} Be8 {374} 31. Rxe6 {73} Qf5 {147} 32. Re5 {255
} Qc2 {8} 33. Qf3 {29} Rc7 {207} 34. Ne6 {120} Rf7 {26} 35. Rf4 {10} Qg6 {91}
36. Qe3 {64} Rf6 {83} 37. Kg2 {40} Qh6 {48} 38. Ng5 {34} Rxf4 {23} 39. Qxf4 {15
} Qg6 {26} 40. Qh4 {51} Qg7 {44} 41. Ne6 {194} Qf7 {118} 42. Nd8 {674} Qg6 {328
} 43. Qf4 {51} Qg7 {350} 44. Ne6 {176} Qf7 {25} 45. Qe3 {220} Qf6 {143} 46. Nf4
{13} Bf7 {160} 47. Re7 {119} Rg5 {74} 48. Rb7 {49} h5 {102} 49. Nd3 {184} Bg8 {
87} 50. Ne5 {28} Rg7 {180} 51. Rb8 {9} Qd6 {235} 52. Rc8 {13} Qe6 {46} 53. Rc6
{16} Qf5 {4} 54. Rxb6 {40} Bh7 {149} 55. Rb8+ {17} Rg8 56. Rxg8+ {39} Kxg8 {2}
57. Qf3 {111} Qe4 {94} 58. Qxe4 {67} dxe4 {25} 59. d5 {51} e3 {28} 60. d6 {80}
e2 61. d7 {6} Be4+ {9} 62. f3 {50} e1=Q {12} 63. d8=Q+ {8} Kh7 {31} 64. Qe7+ {
20} Kg8 {73} 65. Qf7+ {53} Kh8 66. Qxh5+ {34} Bh7 {2} 67. Qe8+ {11} Kg7 {11}
68. Qe7+ {4} 1-0

[Event "Championnat de France 2022"]
[Site "ALBI"]
[Date "2022.08.18"]
[Round "6.6"]
[White "Girel, Joseph"]
[Black "Rivalin, Kenny"]
[Result "1/2-1/2"]
[WhiteElo "2403"]
[BlackElo "2160"]
[PlyCount "77"]
[EventDate "2022.??.??"]

1. d4 {25} Nf6 {13} 2. c4 {34} e6 {7} 3. Nf3 {26} Bb4+ {19} 4. Nbd2 {55} O-O {
48} 5. a3 {41} Be7 {19} 6. e4 {34} d6 {18} 7. Be2 {65} Nfd7 {62} 8. b4 {96} e5
{37} 9. d5 {65} a5 {148} 10. Bb2 {138} c6 {28} 11. O-O {230} axb4 {170} 12.
axb4 {19} Rxa1 {10} 13. Qxa1 {54} cxd5 {75} 14. cxd5 {77} Nb6 {163} 15. Qa5 {
395} f5 {142} 16. Rc1 {292} fxe4 {1274} 17. Nxe4 {20} Bf5 {13} 18. Nfd2 {337}
N8d7 {107} 19. Bf3 {684} Bg5 {904} 20. Rd1 {1020} Bxd2 {631} 21. Nxd2 {16} Qg5
{81} 22. Bc1 {426} Qg6 {276} 23. Qa3 {212} e4 {97} 24. Be2 {16} Ne5 {162} 25.
Nf1 {365} Bg4 {517} 26. Bxg4 {89} Nxg4 {64} 27. Qg3 {333} Nxf2 {138} 28. Qxg6 {
42} hxg6 {5} 29. Rd4 {8} Nd3 {260} 30. Be3 {54} Ne5 {326} 31. Nd2 {188} Ng4 {30
} 32. Rxe4 {230} Nxe3 {24} 33. Rxe3 {2} Nxd5 {11} 34. Rd3 {15} Nxb4 {20} 35.
Rxd6 {1} Rf6 {56} 36. Rd8+ {15} Rf8 {34} 37. Rd6 {3} Rf6 {64} 38. Rd8+ {15} Rf8
{13} 39. Rd6 {12} 1/2-1/2

[Event "Championnat de France 2022"]
[Site "ALBI"]
[Date "2022.08.18"]
[Round "6.7"]
[White "Durand-Le Ludec, Brendan-Budok"]
[Black "Philippe, Guillaume"]
[Result "0-1"]
[WhiteElo "2217"]
[BlackElo "2392"]
[PlyCount "78"]
[EventDate "2022.??.??"]

1. e4 {128} c5 {147} 2. Nf3 {7} e6 {9} 3. d4 {6} cxd4 {4} 4. Nxd4 {6} a6 {10}
5. c4 {6} Nf6 {37} 6. Nc3 {8} Qc7 {7} 7. a3 {9} b6 {28} 8. Be3 {11} Bb7 {6} 9.
f3 {5} d6 {160} 10. Be2 {30} Be7 {11} 11. Qd2 {14} Nbd7 {26} 12. g4 {17} Ne5 {
420} 13. g5 {55} Nfd7 {10} 14. Rc1 {128} Rc8 {213} 15. Kf2 {77} Qb8 {70} 16. b3
{198} Nc5 {586} 17. h4 {480} O-O {363} 18. h5 {263} Nc6 {358} 19. Qb2 {452} f5
{805} 20. Nxc6 {993} Bxc6 {51} 21. h6 {191} fxe4 {708} 22. Bxc5 {247} dxc5 {232
} 23. Nd5 {361} Rf7 {38} 24. g6 {38} hxg6 {625} 25. hxg7 {245} e5 {42} 26. Qd2
{1179} Rxg7 {69} 27. Rcg1 {215} Qd6 {58} 28. fxe4 {78} Bxd5 {111} 29. exd5 {230
} Rf8+ {119} 30. Ke1 {9} Rf4 {67} 31. Qd3 {112} Bh4+ {38} 32. Rxh4 {34} Rxh4 {
14} 33. Bg4 {4} e4 {107} 34. Qxe4 {175} Kh7 {372} 35. Qe2 {305} Rf7 {83} 36.
Be6 {29} Rff4 {32} 37. Qg2 {120} Qe5+ {24} 38. Kd1 {12} Qa1+ {9} 39. Kc2 {15}
Rf2+ {9} 0-1

[Event "Championnat de France 2022"]
[Site "ALBI"]
[Date "2022.08.18"]
[Round "6.8"]
[White "Hutois, Mickael"]
[Black "Bacrot, Alexandre"]
[Result "0-1"]
[WhiteElo "2275"]
[BlackElo "2344"]
[PlyCount "148"]
[EventDate "2022.??.??"]

1. e4 {1} g6 {43} 2. d4 {258} Bg7 {4} 3. h4 h6 {88} 4. Nc3 d6 {230} 5. Be3 a6 {
92} 6. Qd2 b5 7. Bd3 Nd7 {469} 8. a4 b4 9. Nce2 c5 {475} 10. c3 bxc3 11. bxc3
cxd4 12. cxd4 Nc5 13. Bc2 Rb8 14. Ra3 Nd7 15. Ng3 Ngf6 16. f3 h5 17. Nh3 Nb6 {
3450} 18. Bd3 Nh7 {674} 19. a5 {165} Na8 20. Nf4 {642} e5 {100} 21. Nfxh5 gxh5
22. Nxh5 Bf8 {368} 23. d5 Nf6 {152} 24. Nxf6+ Qxf6 {435} 25. Bg5 Qg7 {124} 26.
Qf2 f6 {585} 27. Be3 Qb7 {681} 28. O-O Qb2 {233} 29. Qxb2 Rxb2 30. Rc3 Bb7 31.
Bc1 Ra2 32. Ba3 Bh6 33. Bc4 Bd2 34. Rd3 Rc2 35. Bb3 Rc3 36. Ba4+ Kd8 37. Rxc3
Bxc3 38. g3 Bxa5 39. Bxd6 Bc7 40. Bc5 Nb6 41. Bb3 Nd7 42. Ba3 Bb6+ 43. Kg2 Bc5
44. Bb2 Ke7 45. Bc4 Bb4 46. f4 a5 47. Bb5 Bd6 {5174} 48. Bc3 Nc5 49. fxe5 fxe5
50. Rf5 Nxe4 51. Bxe5 Bxe5 52. Rxe5+ Kd6 53. Re6+ Kxd5 54. Re7 Nd6 55. Ba4 Bc6
56. Bd1 Nf5 57. Bf3+ Kd6 58. Ra7 Nd4 59. Rxa5 Nxf3 60. Kh3 Bd7+ 61. Kg2 Ne5 62.
Ra2 Rf8 63. Rd2+ Ke6 64. Re2 Bb5 65. Rb2 Bd3 66. Rb4 Bf1+ 67. Kg1 Bc4 68. Kg2
Kd5 69. Kh3 Bf1+ 70. Kh2 Nf3+ 71. Kh1 Re8 72. Rb1 Re7 73. Rb4 {2712} Re8 74.
Rb1 {36} Re2 {15} 0-1

[Event "Championnat de France 2022"]
[Site "ALBI"]
[Date "2022.08.18"]
[Round "6.9"]
[White "Makkar, Rajat"]
[Black "Velten, Paul"]
[Result "1/2-1/2"]
[WhiteElo "2300"]
[BlackElo "2495"]
[PlyCount "160"]
[EventDate "2022.??.??"]

1. d4 {7} Nf6 {9} 2. c4 {8} e6 {6} 3. Nf3 {5} Bb4+ {104} 4. Bd2 {6} c5 {27} 5.
Bxb4 {151} cxb4 {6} 6. a3 {9} bxa3 {11} 7. Rxa3 {9} b6 {26} 8. Nc3 {197} O-O {
62} 9. e4 {58} d6 {19} 10. Bd3 {86} Bb7 {28} 11. e5 {769} dxe5 {54} 12. dxe5 {
61} Ng4 {595} 13. O-O {270} Nd7 {65} 14. Ne4 {330} Ngxe5 {506} 15. Nxe5 {428}
Nxe5 {7} 16. Nd6 {32} Nxd3 {288} 17. Rxd3 {9} Qe7 {373} 18. Qa4 {646} Bd5 {544}
19. Nf5 {477} exf5 {155} 20. Rxd5 {26} Qe4 {78} 21. b3 {580} Rfe8 {321} 22. Qd7
{396} g6 {66} 23. c5 {170} bxc5 {44} 24. Rxc5 {97} Rad8 {12} 25. Qb5 {424} Rd2
{463} 26. Rc7 {126} Rd5 {250} 27. Qb7 {70} Qd3 {182} 28. g3 {25} Rb5 {108} 29.
Qxa7 {94} Qxb3 {8} 30. Qd4 {120} Rd5 {99} 31. Qc4 {37} Qf3 {16} 32. Qc6 {35}
Qe4 {81} 33. Qf6 {92} Rf8 {139} 34. Qc6 {112} Qe5 {94} 35. Qc3 {18} Qd6 {20}
36. Rc6 {26} Qd7 {25} 37. Rc7 {6} Qd8 {13} 38. Rc4 {116} Re8 {5} 39. Rc6 {46}
f4 {75} 40. Qf6 {366} Qd7 {19} 41. Rc4 {94} Rf5 {76} 42. Qc6 {61} Qe7 {51} 43.
Qc7 {363} Qxc7 {246} 44. Rxc7 {74} Re2 {76} 45. Rc4 {106} Kg7 {10} 46. Rxf4 {
282} Rxf4 {5} 47. gxf4 {2} Re4 {39} 48. Kg2 {138} Rxf4 {75} 49. Kg3 {45} Ra4 {
87} 50. Rb1 {90} Ra7 {5} 51. Rb5 {17} Kh6 {11} 52. Rb4 {48} f5 {35} 53. f3 {41}
Kg5 {25} 54. Rc4 {117} Rf7 {9} 55. Rc5 {55} Kh5 {155} 56. Rc4 {99} Rb7 {75} 57.
Ra4 {40} g5 {35} 58. Ra2 {233} f4+ {13} 59. Kg2 {47} Kh4 {5} 60. Rc2 {22} Rb3 {
27} 61. Ra2 {16} h5 {62} 62. h3 {32} Rc3 {30} 63. Rb2 {56} g4 {71} 64. hxg4 {4}
hxg4 {3} 65. fxg4 {5} Kxg4 {3} 66. Ra2 {52} Rg3+ {11} 67. Kf2 {12} Rh3 {4} 68.
Ra8 {84} Rh2+ {11} 69. Kg1 {16} Re2 {32} 70. Kf1 {190} Kf3 {12} 71. Ra3+ {9}
Re3 {5} 72. Ra2 {8} Rb3 {192} 73. Rf2+ {38} Kg4 {6} 74. Rg2+ {31} Rg3 {4} 75.
Ra2 {22} Kh3 {157} 76. Ra8 {52} Rf3+ {33} 77. Kg1 {12} Rb3 {64} 78. Kf2 {15}
Kg4 {24} 79. Rg8+ {5} Kf5 {6} 80. Rf8+ {3} Ke5 {68} 1/2-1/2

[Event "Championnat de France 2022"]
[Site "ALBI"]
[Date "2022.08.18"]
[Round "6.10"]
[White "Defromont, Benjamin"]
[Black "Loiseau, Quentin"]
[Result "1/2-1/2"]
[WhiteElo "2292"]
[BlackElo "2432"]
[PlyCount "49"]
[EventDate "2022.??.??"]

1. e4 {4} e5 {11} 2. Nf3 {6} Nc6 {4} 3. Bb5 {10} a6 {10} 4. Ba4 {7} g6 {21} 5.
d4 {545} exd4 {17} 6. Bg5 {98} Be7 {76} 7. Bxe7 {21} Ngxe7 {19} 8. Nxd4 {152}
b5 {69} 9. Nxc6 {281} dxc6 {14} 10. Qxd8+ {86} Kxd8 {87} 11. Bb3 {3} c5 {4} 12.
c3 {212} c4 {1845} 13. Bc2 {15} c5 {37} 14. Nd2 {211} Kc7 {268} 15. O-O {512}
Rd8 {147} 16. Rfd1 {16} Nc6 {85} 17. Nf1 {230} Be6 {506} 18. f4 {254} f6 {664}
19. Ne3 {124} Rxd1+ {67} 20. Rxd1 {66} Rd8 {2} 21. Kf2 {613} Rd6 {523} 22. h4 {
476} Ne7 {108} 23. Rxd6 {593} Kxd6 {6} 24. g4 {15} h6 {201} 25. Kg3 {402}
1/2-1/2

[Event "Championnat de France 2022"]
[Site "ALBI"]
[Date "2022.08.19"]
[Round "7.1"]
[White "Laurent-Paoli, Pierre"]
[Black "Giroyan, Gary"]
[Result "1-0"]
[WhiteElo "2298"]
[BlackElo "2412"]
[PlyCount "68"]
[EventDate "2022.??.??"]

1. e4 {88} c5 {59} 2. Nf3 {32} d6 {3} 3. d4 {6} cxd4 {4} 4. Nxd4 {3} Nf6 {3} 5.
Nc3 {5} a6 {3} 6. Rg1 {10} Nc6 {803} 7. g4 {294} e6 {2090} 8. g5 {233} Nd7 {2}
9. Be3 {142} Be7 {6} 10. h4 {205} Qc7 {355} 11. f4 {1128} Nc5 {550} 12. Nxc6 {
851} bxc6 {80} 13. Bxc5 {151} dxc5 {1} 14. e5 {14} c4 {249} 15. Bxc4 {656} Qb6
{59} 16. Rg3 {167} h6 {59} 17. Qd2 {663} hxg5 {38} 18. O-O-O {12} gxf4 {667}
19. Rxg7 {26} Qe3 {254} 20. Qxe3 {97} fxe3 21. Ne4 {16} Rxh4 {319} 22. Rg8+ {
617} Bf8 {2} 23. Nd6+ {201} Ke7 {1} 24. Rf1 {20} f5 {182} 25. exf6+ {5} Kxd6 {3
} 26. Rxf8 {9} Rxc4 {5} 27. Rd8+ {83} Kc7 {11} 28. f7 {11} e2 {3} 29. Re1 {11}
Rf4 {113} 30. f8=Q {8} Rxf8 {2} 31. Rxf8 {5} Bb7 {2} 32. Rxa8 {34} Bxa8 {6} 33.
Rxe2 {2} Kd6 {5} 34. Kd2 {173} Kd5 {39} 1-0

[Event "Championnat de France 2022"]
[Site "ALBI"]
[Date "2022.08.19"]
[Round "7.2"]
[White "Flom, Gabriel"]
[Black "Boyer, Mahel"]
[Result "1/2-1/2"]
[WhiteElo "2406"]
[BlackElo "2432"]
[PlyCount "39"]
[EventDate "2022.??.??"]

1. Nf3 {1} Nf6 {399} 2. c4 {8} g6 {28} 3. Nc3 {37} Bg7 {6} 4. e4 {159} d6 {31}
5. d4 {22} O-O {16} 6. Be2 {3} e5 {6} 7. O-O {12} Bg4 {155} 8. Be3 {437} Bxf3 {
78} 9. Bxf3 {4} exd4 {5} 10. Bxd4 {3} Nc6 {8} 11. Be3 {11} Nd7 {380} 12. Qd2 {
28} Nc5 {90} 13. Bh6 {38} Re8 {1011} 14. Bxg7 {6} Kxg7 {5} 15. Rfe1 {24} a5 {
101} 16. g3 {103} Ne5 {1181} 17. Be2 {3} c6 {109} 18. Rad1 {49} Qb6 {122} 19.
Qxd6 {74} Qxb2 {1525} 20. Qxc5 {7} 1/2-1/2

[Event "Championnat de France 2022"]
[Site "ALBI"]
[Date "2022.08.19"]
[Round "7.3"]
[White "Bacrot, Alexandre"]
[Black "Degraeve, Jean-Marc"]
[Result "1-0"]
[WhiteElo "2344"]
[BlackElo "2508"]
[PlyCount "163"]
[EventDate "2022.??.??"]

1. e4 {2} c5 {503} 2. Nf3 {12} d6 {89} 3. Bb5+ {21} Bd7 {67} 4. Bxd7+ {18} Nxd7
{82} 5. O-O {20} Ngf6 {8} 6. Qe2 {67} e6 {38} 7. c3 {280} Ne5 {437} 8. d4 {245}
Nxf3+ {33} 9. Qxf3 {6} cxd4 {212} 10. cxd4 {97} Be7 {119} 11. Nc3 {172} O-O {11
} 12. Bg5 {121} h6 {243} 13. Bh4 {309} Nd7 {33} 14. Bxe7 {90} Qxe7 {53} 15.
Rac1 {29} Rac8 {259} 16. Qd3 {219} a6 {53} 17. f4 {819} f5 {1059} 18. exf5 {233
} exf5 {19} 19. Nd5 {254} Qf7 {21} 20. Rxc8 {11} Rxc8 {5} 21. Qxf5 {5} Qxf5 {
276} 22. Ne7+ {4} Kf7 {99} 23. Nxf5 {4} Rc2 {4} 24. Nxd6+ {317} Ke6 {20} 25.
Nxb7 {65} Rxb2 {10} 26. Nc5+ {21} Nxc5 {42} 27. dxc5 {47} Rc2 {202} 28. Rb1 {
832} Rxc5 {107} 29. Rb6+ {179} Kf5 {5} 30. Rxa6 {16} Rc1+ {85} 31. Kf2 {8} Kxf4
{202} 32. Re6 {688} Rh1 {476} 33. Re1 {604} Rxh2 {12} 34. a4 {9} Rh5 {742} 35.
g3+ {140} Kf5 {16} 36. Ra1 {18} Rh2+ {208} 37. Kf3 {32} Rc2 {26} 38. a5 {6}
Rc3+ {5} 39. Kf2 {238} Rc2+ {145} 40. Kg1 {39} Rc7 {107} 41. a6 {11} Ra7 {6}
42. Kf2 {15} h5 {439} 43. Ra5+ {162} Kf6 {43} 44. Ke3 {662} g5 {50} 45. Kd4 {79
} h4 {885} 46. gxh4 {8} gxh4 {2} 47. Kc5 {8} h3 {389} 48. Kb6 {13} Rh7 {40} 49.
a7 {21} Rh8 {35} 50. Ra3 {540} h2 {51} 51. Ra1 {1} Ke5 {37} 52. Rh1 {4} Kd6 {9}
53. Kb5 {148} Rh5+ {100} 54. Ka6 {32} Rh8 {5} 55. Kb6 {4} Ke5 {427} 56. Rxh2 {5
} Rxh2 {7} 57. a8=Q {4} Rb2+ {7} 58. Kc6 {26} Rc2+ {5} 59. Kd7 {36} Rd2+ {5}
60. Ke7 {6} Rd4 {11} 61. Qf3 {67} Re4 {18} 62. Qc3+ {49} Kd5+ {16} 63. Kf6 {41}
Rf4+ {4} 64. Kg5 {12} Rc4 {9} 65. Qf3+ {52} Ke5 {23} 66. Qe3+ {21} Kd5 {36} 67.
Kf5 {10} Rd4 {23} 68. Qb3+ {5} Rc4 {31} 69. Qd3+ {6} Kc5 {10} 70. Ke5 {5} Kb4
71. Kd5 {52} Rc5+ 72. Kd4 {60} Rc7 73. Qb1+ {48} Ka5 {8} 74. Kd5 {223} Ka6 {51}
75. Qb4 {135} Rb7 {38} 76. Qa4+ {17} Kb6 {6} 77. Kd6 {127} Rb8 {202} 78. Qc6+ {
103} Ka7 {3} 79. Qc7+ {19} Rb7 {16} 80. Qa5+ {7} Kb8 {3} 81. Kc6 {17} Rh7 {30}
82. Qe5+ {132} 1-0

[Event "Championnat de France 2022"]
[Site "ALBI"]
[Date "2022.08.19"]
[Round "7.4"]
[White "Philippe, Guillaume"]
[Black "Bournel, Antoine"]
[Result "1/2-1/2"]
[WhiteElo "2392"]
[BlackElo "2322"]
[PlyCount "76"]
[EventDate "2022.??.??"]

1. b3 {48} d5 {48} 2. Bb2 {11} Bf5 {46} 3. Nf3 {70} e6 {32} 4. d3 {18} h6 {111}
5. Nbd2 {131} Nf6 {49} 6. g3 {64} a5 {242} 7. a3 {310} Bh7 {126} 8. Bg2 {16}
Be7 {52} 9. O-O {10} O-O {44} 10. c4 {27} c6 {90} 11. Ra2 {13} Qb6 {87} 12. Qa1
{89} Rd8 {53} 13. Bc3 {592} c5 {248} 14. cxd5 {656} exd5 {13} 15. d4 {797} Nbd7
{115} 16. dxc5 {1041} Nxc5 {145} 17. Bd4 {4} Qb5 {98} 18. a4 {48} Qa6 {31} 19.
Rc1 {242} Ne6 {473} 20. Bb2 {4} Qb6 {418} 21. Nd4 {169} Bc5 {158} 22. e3 {48}
Nxd4 {48} 23. Bxd4 {11} Bxd4 {6} 24. Qxd4 {4} Qxd4 {12} 25. exd4 {5} Rac8 {46}
26. Raa1 {24} g5 {496} 27. Bf3 {677} Kg7 {239} 28. Nf1 {130} Be4 {237} 29. Be2
{48} Ng8 {408} 30. Ne3 {10} Ne7 {51} 31. f3 {499} Bg6 {55} 32. Bb5 {2} f6 {377}
33. Kf2 {20} Kf7 {68} 34. Ke1 {60} Nf5 {108} 35. Nxf5 {58} Bxf5 {5} 36. Kd2 {3}
Ke7 {108} 37. Rxc8 {92} Rxc8 {5} 38. Bd3 {104} Bxd3 {16} 1/2-1/2

[Event "Championnat de France 2022"]
[Site "ALBI"]
[Date "2022.08.19"]
[Round "7.5"]
[White "Degraeve, Remy"]
[Black "Favarel, Julien"]
[Result "1-0"]
[WhiteElo "2419"]
[BlackElo "2298"]
[PlyCount "126"]
[EventDate "2022.??.??"]

1. e4 {238} c5 {9} 2. Nc3 {13} Nc6 {11} 3. Bb5 {7} Nd4 {13} 4. Nf3 {5} a6 {62}
5. Bd3 {5} g6 {77} 6. O-O {28} Bg7 {23} 7. Re1 {62} d6 {303} 8. Nxd4 {60} cxd4
{33} 9. Ne2 {23} e6 {327} 10. c3 {173} dxc3 {21} 11. dxc3 {63} Ne7 {86} 12. Be3
{111} O-O {150} 13. Qd2 {250} Nc6 {694} 14. Bh6 {227} Bxh6 {198} 15. Qxh6 {7}
Ne5 {9} 16. Qe3 {452} Qa5 {481} 17. Ng3 {532} Qc5 {86} 18. Rad1 {15} Qxe3 {33}
19. Rxe3 {5} Rd8 {110} 20. Be2 {201} Kf8 {130} 21. f4 {298} Nc6 {5} 22. e5 {146
} dxe5 {337} 23. Rxd8+ {7} Nxd8 {3} 24. Rxe5 {235} Bd7 {159} 25. Re3 {121} Bc6
{180} 26. Ne4 {61} Ke7 {203} 27. Kf2 {352} Rc8 {421} 28. c4 {356} Bxe4 {493}
29. Rxe4 {105} Nc6 {2} 30. c5 {129} Rd8 {541} 31. Ke3 {113} a5 {245} 32. a3 {
143} f5 {55} 33. Rc4 {118} e5 {54} 34. fxe5 {141} Ke6 {68} 35. g4 {539} Kxe5 {
107} 36. gxf5 {6} gxf5 {5} 37. Rh4 {53} Nd4 {710} 38. Rxh7 {68} Nc2+ {37} 39.
Kf3 {306} Rd2 {59} 40. Re7+ {9} Kf6 {17} 41. Rxb7 {6} Ke5 {259} 42. Bc4 {264}
Nd4+ {291} 43. Ke3 {33} Rxh2 {8} 44. Re7+ {61} Kf6 {2} 45. Rd7 {15} Nc2+ {83}
46. Kd3 {153} Ne1+ {134} 47. Kc3 {7} Rh3+ {468} 48. Kd2 {39} Nf3+ {18} 49. Kc2
{59} Ne5 {29} 50. Rd6+ {14} Kg5 {11} 51. Bb5 {123} f4 {294} 52. c6 {175} Rh7 {
19} 53. Kc3 {22} f3 {577} 54. Kd4 {85} Re7 {23} 55. c7 {432} Rxc7 {36} 56. Kxe5
{3} Rc2 {47} 57. Rg6+ {62} Kh5 {35} 58. Rc6 {221} Rxb2 {14} 59. a4 {3} f2 {30}
60. Rc1 {13} Kg4 {19} 61. Kd5 {8} Kf3 {65} 62. Kc5 {62} Ra2 {59} 63. Kb6 {28}
Ke4 {44} 1-0